000 00513nam a2200169 i 4500
001 149542
003 ES-MaACL
005 20240502063046.0
007 t|
008 071023s1973 sp ||||1| spa d
100 0 _aVázquez Montalbán, Manuel,
_d1939-
_9113463
245 1 0 _aGuillermotta en el pais de las Guillerminas /
_cManuel Vázquez Montalbán.
260 _aBarcelona :
_bAnagrama,
_c[1973]
300 _a108 p. ;
_c21 cm.
852 _aES-MaACL
_jC-52451
_bR.85922
999 _c149542
_d149542